00506nam a2200181 a 4500001001300000003000900013005001700022008004100039020002300080082001600103100001800119245007000137260004000207300000900247500003500256505001000291650002300301nice12345678IN_TiNIC20260116014433.0050524s2004 dela grp 000 0 eng  a8187358 c69500a297.1bAHM4 aAhmed, Imtiaz aLived Islam in South Asia, Adaptation, Accommodation and Conflict aDelhi bSocial Science Press c2004 a308p aincludes index and biblioraphy2 aIndex aIslam-20th Century